LEADER 01093nam a2200289 4500 001 000000360684 003 CaOOAMICUS 005 20241113135559.0 008 241113s2007 it 000 u ita r 020 $a978-88-459-1447-8 040 $aSeMil$bita 100 1 $aKundera, Milan,$d<1929- >.$0(OLS)http://semarc/name/31459 240 13$aLa lenteur.$0(OLS)http://semarc/title/451211 245 13$aLa lentezza /$cMilan Kundera ; traduzione di Ena Marchi. 250 $a12. ed. 264 1$aMilano :$bAdelphi,$c2007. 300 $a157 p. ;$c20 cm 490 1 $aGli Adelphi ;$v148 700 1 $aMarchi, Ena.$0(OLS)http://semarc/name/33088 830 4$aGli Adelphi ;$v148.$0(OLS)http://semarc/title/7075 850 $aSeMil 852 $aSeMil$W1$xVenegono$y1$m1W II 527$j252420$B251689$CSeMilBibl$Z2$F251689 $81 961 $aBuzzi mons. Franco - Omaggio 996 $6020$a978-88-459-1447-8$9(OLS)http://semarc/number/301776 996 $6245$aLa lentezza$9(OLS)http://semarc/title/451212 996 $6264$aMilano :$bAdelphi$9(OLS)http://semarc/publisher/30018 LEADER 01129nam a2200241 i 4500 001 000000195264 003 CaOOAMICUS 005 20101207000000.0 008 101207n it u000 u ita u 013 $a173932 040 $aSeMil$bita 100 1 $aMattei, Enrico,$d<1906-1962>.$0(OLS)http://semarc/name/25837 245 12$aL'apporto delle forze cattoliche alla lotta di Liberazione /$cDi Enrico Mattei ; a cura dell' Associazione Partigiani Cristiani, Milano. 260 $aBollate :$bArti Grafiche Basilico & Minora,$c[194?] 300 $a36 p. :$b[1] c. di tav. ;$c21 cm. 500 $aTitolo dalla copertina. 650 4$aMattei, Enrico - Scritti e discorsi.$0(OLS)http://semarc/subject/36680 700 1 $aAssociazione Partigiani Cristiani.$0(OLS)http://semarc/name/16319 850 $aSeMil 852 $aSeMil$W1$xVenegono$y1$m5A XII 8/23$j145833$B145833$CSeMilBibl$Z2$F157369 $81 961 $aOmaggio: Altro 996 $6245$aL'apporto delle forze cattoliche alla lotta di Liberazione$9(OLS)http://semarc/title/281683 996 $6260$aBollate :$bArti Grafiche Basilico & Minora$9(OLS)http://semarc/publisher/50729